Curso de argumentación jurídica

Saved in:
Bibliografiske detaljer
Hovedforfatter: Atienza Rodríguez, Manuel (Author)
Format: Bog
Sprog:spansk
Udgivet: Madrid Trotta 2013
Fag:
Tags: Tilføj Tag
Ingen Tags, Vær først til at tagge denne postø!

MARC

LEADER 00000cam a2200000 a 4500
001 UCF7862
003 CL-VaPUC
008 130711e20130000SP |||||||||||||||||spa|d
020 |a 9788498794366 
082 0 4 |a 340.1  |b ATI  |2 21 
100 0 |a Atienza Rodríguez, Manuel  |e author  |9 461190 
245 1 0 |a Curso de argumentación jurídica 
300 |a 870 p 
942 |c BK 
945 |d 20130711 00:00:00  |a dcastane 
260 |a Madrid  |b Trotta  |c 2013 
650 0 |a Filosofía del derecho   |9 255050 
650 0 |a Argumentación jurídica  |9 469614 
583 |a last modification  |c 20130711 11:26:00  |k Rodrigo Vera 
999 |c 352609  |d 352607 
952 |0 0  |1 0  |4 0  |6 340_100000000000000_ATI_2013  |7 0  |8 A  |9 457205  |a BIBDER  |b BIBDER  |d 2019-11-22  |i 4985680  |l 3  |o 340.1 ATI 2013  |p 4985680  |r 2023-11-10  |s 2023-10-20  |w 2019-11-22  |y BK  |k DER